| 000 | 01085nam a22003497a 4500 | ||
|---|---|---|---|
| 001 | 93075 | ||
| 003 | DO-SdBPM | ||
| 005 | 20251118120531.0 | ||
| 007 | ta | ||
| 008 | 940202s1993 sp | |||| ||spa | ||
| 020 | _a8437611865 | ||
| 040 |
_aDO-SdBPM _bspa _cBPMSU _erda |
||
| 041 | 1 | _aspa | |
| 082 | 4 |
_a831.1 _bH333p 1993 _222 |
|
| 100 | 1 |
_aHartmann von Aue _d1160-1210 _eautor |
|
| 240 | 1 | 4 |
_aDer arme Heinrich _lEspañol-Alemán |
| 245 | 1 | 3 |
_aEl pobre Enrique / _cHartmann von Aue ; traducción de Feliciano Pérez Varas |
| 260 | _c1993 | ||
| 264 |
_aMadrid : _bCátedra _c1993 |
||
| 300 |
_a194 págians : _bilustraciones, _c20 cm |
||
| 336 |
_atexto _btxt _2rdacontent |
||
| 337 |
_asin mediación _bn _2rddamedia |
||
| 338 |
_avolumen _bnc _2rdacarrier |
||
| 490 | 0 |
_aLetras universales, _v188 |
|
| 504 | _aBibliografía : páginas 89-91 | ||
| 590 | _aInventariado, 2025/VM | ||
| 650 | 7 | _aPoesía épica alemana. | |
| 650 | 7 |
_aPecado _vPoesías. |
|
| 700 | 1 |
_aPérez Varas, Feliciano _etraductor |
|
| 910 | _aVMateo V. Control de calidad. BPMSU | ||
| 942 |
_2ddc _cBK |
||
| 999 |
_c8623 _d8623 |
||